[Event "Master Rochefort 2020"]
[Site "Palais des Congres Rochefort"]
[Date "2020.02.22"]
[Round "1.6"]
[White "Le Pen, Steven"]
[Black "Martin Duque, Jesus"]
[Result "1/2-1/2"]
[WhiteElo "2047"]
[BlackElo "2446"]
[PlyCount "100"]
[EventDate "2020.??.??"]
[WhiteTeam "Echiquier de l'Erdre"]

1. e4 c5 2. Nf3 e6 3. d4 cxd4 4. Nxd4 Nc6 5. Nb5 d6 6. Bf4 e5 7. Be3 Be6 8. Nd2
a6 9. Nc3 Nf6 10. Bg5 Rc8 11. Nc4 Nd4 12. Bxf6 gxf6 13. Ne3 Bh6 14. Bd3 O-O 15.
O-O Kh8 16. Qh5 Bg7 17. Ncd5 Rg8 18. c3 Nc6 19. f4 Bf8 20. Rf3 Rg6 21. Nf5 Bxf5
22. exf5 Rg7 23. Qh4 Be7 24. Re1 Qg8 25. Rg3 Rxg3 26. hxg3 Qg7 27. Kf2 Rg8 28.
Rh1 Bd8 29. Rh3 Re8 30. Qh6 Nb8 31. Qxg7+ Kxg7 32. Rh1 Nd7 33. Re1 Bb6+ 34. Kf3
Ba7 35. g4 h6 36. g3 Rc8 37. Be4 Nc5 38. Ne7 Re8 39. Nd5 Rb8 40. Rc1 b5 41. g5
hxg5 42. fxg5 Nxe4 43. Kxe4 fxg5 44. f6+ Kg6 45. Rf1 g4 46. Ne7+ Kg5 47. Rf5+
Kh6 48. Rf1 Kg5 49. Rf5+ Kh6 50. Rf1 Kg5 1/2-1/2

[Event "Master Rochefort 2020"]
[Site "Palais des Congres Rochefort"]
[Date "2020.02.22"]
[Round "1.7"]
[White "Bogdanov, Egor"]
[Black "Picart, Laurent"]
[Result "1-0"]
[WhiteElo "2433"]
[BlackElo "2042"]
[PlyCount "73"]
[EventDate "2020.??.??"]
[BlackTeam "Echiquier Quimpérois"]

1. e4 c6 2. d4 d5 3. exd5 cxd5 4. c4 Nf6 5. Nc3 Nc6 6. Nf3 Bg4 7. cxd5 Nxd5 8.
Qb3 Bxf3 9. gxf3 e6 10. Qxb7 Nxd4 11. Bb5+ Nxb5 12. Qc6+ Ke7 13. Qc5+ Nd6 14.
Nxd5+ exd5 15. O-O Kd7 16. Qxd5 Rc8 17. Bf4 Qf6 18. Bg3 Be7 19. Rfe1 Rc6 20.
Rad1 Rhc8 21. b4 g6 22. b5 Rc5 23. Qb7+ R8c7 24. Qa6 Bf8 25. b6 axb6 26. Qxb6
R7c6 27. Qa7+ Rc7 28. Qa4+ R7c6 29. Rd4 Rc4 30. Rxc4 Nxc4 31. Qa8 Rc8 32. Qb7+
Kd8 33. Re8+ Kxe8 34. Qxc8+ Ke7 35. Qxc4 Qxf3 36. Qb4+ Ke8 37. Qb8+ 1-0

[Event "Master Rochefort 2020"]
[Site "Palais des Congres Rochefort"]
[Date "2020.02.22"]
[Round "1.8"]
[White "Corgeron, Jean-Luc"]
[Black "Duboue, Peio"]
[Result "0-1"]
[WhiteElo "2040"]
[BlackElo "2421"]
[PlyCount "96"]
[EventDate "2020.??.??"]
[WhiteTeam "Club Avenir St Georges Section Echecs "]
[BlackTeam "Echiquier de l'Erdre"]

1. Nf3 d5 2. d4 Nf6 3. c4 dxc4 4. Nc3 e6 5. e3 a6 6. Bxc4 b5 7. Be2 Bb7 8. O-O
Nbd7 9. a3 Bd6 10. b4 O-O 11. Bb2 Qe7 12. Qc2 e5 13. dxe5 Nxe5 14. Qf5 Rad8 15.
Nxe5 Bxe5 16. Rad1 Ne4 17. Nxe4 Bxb2 18. Nc5 Bc8 19. Qc2 Be5 20. Bf3 Rd6 21. g3
g6 22. Bg2 Bg7 23. Rd2 Rxd2 24. Qxd2 Rd8 25. Qc2 Qe5 26. Nb7 Rd7 27. Qc6 Qe6
28. Rc1 Qxc6 29. Bxc6 Rd3 30. Be4 Rxa3 31. Rxc7 Bh3 32. Rc1 Bf8 33. Nc5 a5 34.
Bg2 Bxg2 35. Kxg2 axb4 36. Nd7 b3 37. Nxf8 Kxf8 38. Rb1 Ke7 39. Kf3 Kd6 40. Ke4
Kc5 41. Kd3 Kb4 42. e4 Ra2 43. f4 Rxh2 44. Kd4 b2 45. Ke5 Kb3 46. Kf6 Ka2 47.
Rxb2+ Rxb2 48. Kxf7 b4 0-1

[Event "Master Rochefort 2020"]
[Site "Palais des Congres Rochefort"]
[Date "2020.02.22"]
[Round "1.9"]
[White "Jolly, Jean-Francois"]
[Black "Calvo, Dylan"]
[Result "1-0"]
[WhiteElo "2386"]
[BlackElo "2031"]
[PlyCount "71"]
[EventDate "2020.??.??"]
[WhiteTeam "Agneaux Saint-Lô"]
[BlackTeam "Echiquier Tressois"]

1. e4 c5 2. Nf3 Nc6 3. Nc3 g6 4. d4 cxd4 5. Nxd4 Bg7 6. Be3 Nf6 7. Bc4 O-O 8.
Bb3 d6 9. f3 Bd7 10. Qd2 Nxd4 11. Bxd4 b5 12. h4 a5 13. h5 a4 14. Bd5 b4 15.
Bxf6 exf6 16. Ne2 Rc8 17. hxg6 hxg6 18. Nd4 f5 19. O-O-O Qf6 20. g4 Rc5 21.
gxf5 Bxf5 22. Qxb4 Rfc8 23. Kb1 a3 24. Qxa3 Rb8 25. Bb3 Bd7 26. Qa6 Bb5 27. Qa7
Rbc8 28. c3 Qf4 29. Qe7 Bxd4 30. Rxd4 Qxf3 31. Bxf7+ Qxf7 32. Rh8+ Kxh8 33.
Qxf7 Rh5 34. Qxg6 Rh1+ 35. Kc2 Rf8 36. Qxd6 1-0

[Event "Master Rochefort 2020"]
[Site "Palais des Congres Rochefort"]
[Date "2020.02.22"]
[Round "1.10"]
[White "Girard, Eric"]
[Black "Suarez Uriel, Adrian"]
[Result "0-1"]
[WhiteElo "2011"]
[BlackElo "2371"]
[PlyCount "52"]
[EventDate "2020.??.??"]
[WhiteTeam "Cavalier de l'Espérance Cercle J.J. Paur"]
[BlackTeam "Echiquier Bordelais"]

1. c4 e5 2. Nc3 Nf6 3. Nf3 Nc6 4. e4 Bb4 5. d3 O-O 6. a3 Bxc3+ 7. bxc3 h6 8. g3
d6 9. Rb1 b6 10. Bg2 Be6 11. O-O Qd7 12. Nh4 Ne7 13. f4 exf4 14. Bxf4 Nh7 15.
Nf5 Rae8 16. g4 Ng6 17. Be3 Ne5 18. Rb2 a6 19. h4 Qd8 20. g5 hxg5 21. hxg5 g6
22. Bh1 Bxf5 23. exf5 Nxc4 24. fxg6 Nxe3 25. gxh7+ Kh8 26. Qh5 Re5 0-1

[Event "Master Rochefort 2020"]
[Site "Palais des Congres Rochefort"]
[Date "2020.02.22"]
[Round "1.11"]
[White "Shirazi, Kamran"]
[Black "Souevamanien, Pascal"]
[Result "1-0"]
[WhiteElo "2362"]
[BlackElo "2005"]
[PlyCount "63"]
[EventDate "2020.??.??"]
[WhiteTeam "Tremblay en France"]
[BlackTeam "Bordeaux ASPOM Echecs"]

1. e4 c5 2. c3 Nf6 3. e5 Nd5 4. d4 cxd4 5. Bc4 Nb6 6. Bb3 d5 7. cxd4 Bf5 8. g4
Bg6 9. Ne2 Nc6 10. Nbc3 Na5 11. h4 Nxb3 12. axb3 Be4 13. Nxe4 dxe4 14. e6 g6
15. h5 gxh5 16. exf7+ Kxf7 17. Rxh5 Bg7 18. Be3 Qd7 19. Nc3 e5 20. Rf5+ Kg8 21.
dxe5 Qxd1+ 22. Kxd1 Rd8+ 23. Ke2 Nc8 24. Nxe4 Rd5 25. Rc1 Ne7 26. e6 Rxf5 27.
gxf5 Nxf5 28. Rc8+ Bf8 29. Bh6 Nd4+ 30. Kf1 Nxe6 31. Ng5 Ng7 32. f4 1-0

[Event "Master Rochefort 2020"]
[Site "Palais des Congres Rochefort"]
[Date "2020.02.22"]
[Round "1.12"]
[White "Bouton, Christophe"]
[Black "Colin, Vincent"]
[Result "0-1"]
[WhiteElo "2001"]
[BlackElo "2359"]
[PlyCount "48"]
[EventDate "2020.??.??"]
[WhiteTeam "Cavalier Bleu Drancy"]
[BlackTeam "Les Tours des Hauts de France - St Quentin"]

1. d4 Nf6 2. Nf3 g6 3. c4 Bg7 4. Nc3 O-O 5. e4 d6 6. Be2 Na6 7. O-O e5 8. d5
Nc5 9. Qc2 a5 10. Bg5 Qd7 11. Ne1 Ne8 12. Nd3 f5 13. Nxc5 dxc5 14. Be3 b6 15.
exf5 gxf5 16. f4 e4 17. Rad1 Nd6 18. Kh1 Rf6 19. g4 fxg4 20. Nxe4 Nxe4 21. Qxe4
Bb7 22. Rg1 Re8 23. Qd3 Qe7 24. Rg3 Re6 0-1

[Event "Master Rochefort 2020"]
[Site "Palais des Congres Rochefort"]
[Date "2020.02.22"]
[Round "1.13"]
[White "Stets, Dmitry"]
[Black "Soyer, Jean-Yves"]
[Result "1-0"]
[WhiteElo "2358"]
[BlackElo "2001"]
[PlyCount "67"]
[EventDate "2020.??.??"]
[WhiteTeam "Rouen Echecs"]
[BlackTeam "Cercle d'échecs des Sables d'Olonne"]

1. e4 c5 2. Nc3 Nc6 3. Nge2 d6 4. d4 cxd4 5. Nxd4 e6 6. Be3 Nf6 7. Qd2 Be7 8.
f3 a6 9. g4 Nd7 10. O-O-O O-O 11. h4 Nxd4 12. Bxd4 b5 13. g5 Bb7 14. Kb1 Qc7
15. h5 b4 16. Na4 d5 17. g6 Bf6 18. gxh7+ Kh8 19. Rg1 e5 20. Be3 d4 21. Bg5 Qd6
22. Bh3 Bc6 23. Bxd7 Bxd7 24. Nc5 Bb5 25. Qxb4 Rfb8 26. Qd2 Ra7 27. Rg2 Bxg5
28. Rxg5 Qxc5 29. Rxg7 Kxg7 30. Qg5+ Kxh7 31. Rg1 f6 32. Qg6+ Kh8 33. Qh6+ Rh7
34. Qxf6+ 1-0

[Event "Master Rochefort 2020"]
[Site "Palais des Congres Rochefort"]
[Date "2020.02.22"]
[Round "1.15"]
[White "Lucas, Arthur"]
[Black "Lapeyre, Pierre"]
[Result "1-0"]
[WhiteElo "2290"]
[BlackElo "1996"]
[PlyCount "51"]
[EventDate "2020.??.??"]
[WhiteTeam "Cercle d'échecs des Sables d'Olonne"]
[BlackTeam "Echiquier Bordelais"]

1. e4 e6 2. d4 d5 3. Nc3 Bb4 4. e5 Ne7 5. Bd2 b6 6. Nce2 Bxd2+ 7. Qxd2 c5 8. f4
Nbc6 9. Nf3 Ba6 10. c3 Nf5 11. Kf2 O-O 12. Ng3 Bxf1 13. Rhxf1 Nh4 14. Kg1 Rc8
15. Rad1 Nxf3+ 16. Rxf3 cxd4 17. cxd4 g6 18. Rdf1 Ne7 19. Ne2 Qd7 20. Rh3 Rc6
21. f5 f6 22. fxg6 Nxg6 23. exf6 e5 24. dxe5 Nxe5 25. Qg5+ Ng6 26. Nd4 1-0

[Event "Master Rochefort 2020"]
[Site "Palais des Congres Rochefort"]
[Date "2020.02.22"]
[Round "1.16"]
[White "Richet, Fabien"]
[Black "Le Goff, Ronan"]
[Result "0-1"]
[WhiteElo "1993"]
[BlackElo "2281"]
[PlyCount "91"]
[EventDate "2020.??.??"]
[WhiteTeam "Cercle d'Echecs de Nantes"]
[BlackTeam "Echiquier Guingampais"]

1. e4 e5 2. Nf3 Nc6 3. d4 exd4 4. Nxd4 Nf6 5. Nxc6 bxc6 6. e5 Qe7 7. Qe2 Nd5 8.
g3 a5 9. Bg2 Ba6 10. c4 g6 11. b3 Bg7 12. Bb2 O-O 13. O-O Rfe8 14. Nd2 a4 15.
Rad1 a3 16. Ba1 Nb4 17. Ne4 d5 18. exd6 cxd6 19. Bxg7 Kxg7 20. Qd2 d5 21. Qc3+
Qe5 22. Qxb4 dxe4 23. Rfe1 c5 24. Qd2 Bb7 25. Qd6 Qxd6 26. Rxd6 Re7 27. Rd2
Rae8 28. Red1 f5 29. Rd7 Kf7 30. Kf1 Bc6 31. R7d6 Re6 32. Ke2 Kf6 33. h4 h6 34.
Rd8 g5 35. Rxe8 Rxe8 36. hxg5+ hxg5 37. Rd6+ Re6 38. Rd8 Ke5 39. Rg8 Kd4 40.
Kd2 f4 41. Rd8+ Ke5 42. gxf4+ gxf4 43. Rg8 Rd6+ 44. Kc3 Bd7 45. Rg5+ Bf5 46.
Bh3 0-1

[Event "Master Rochefort 2020"]
[Site "Palais des Congres Rochefort"]
[Date "2020.02.22"]
[Round "1.34"]
[White "Moine, Philippe"]
[Black "Berger Dit Lacroix, Kilian"]
[Result "1/2-1/2"]
[WhiteElo "1890"]
[BlackElo "2109"]
[PlyCount "82"]
[EventDate "2020.??.??"]
[WhiteTeam "La Rochelle Echecs"]
[BlackTeam "Echecs Club de Corbas Mions"]

1. e4 c5 2. Nc3 g6 3. Nf3 Bg7 4. d4 cxd4 5. Nxd4 Nc6 6. Be3 Nf6 7. Be2 O-O 8.
O-O d5 9. exd5 Nxd5 10. Nxd5 Nxd4 11. Bxd4 Qxd5 12. Bxg7 Qxd1 13. Rfxd1 Kxg7
14. Rd2 Be6 15. a3 Rfc8 16. Bf3 Rab8 17. Re1 b5 18. c3 Rc7 19. g3 a5 20. Kg2 b4
21. cxb4 axb4 22. Ra1 Ra7 23. Rdd1 Kf6 24. Bd5 bxa3 25. bxa3 Bf5 26. Rdc1 Rb2
27. Rc3 Rd7 28. Bf3 Rdd2 29. g4 Rxf2+ 30. Kg3 Be6 31. a4 Ra2 32. Ra3 Rxa1 33.
Rxa1 Rc2 34. Ra3 Bc8 35. a5 Ba6 36. Rb3 Rd2 37. Rb6+ Rd6 38. Bc6 Bc8 39. a6
Bxa6 40. Rxa6 h5 41. gxh5 gxh5 1/2-1/2

[Event "Master Rochefort 2020"]
[Site "Palais des Congres Rochefort"]
[Date "2020.02.22"]
[Round "1.37"]
[White "Szitas, Gabor"]
[Black "Babaud, Antoine"]
[Result "1/2-1/2"]
[WhiteElo "2071"]
[BlackElo "1872"]
[PlyCount "67"]
[EventDate "2020.??.??"]
[WhiteTeam "Echiquier Commingeois"]
[BlackTeam "La Rochelle Echecs"]

1. e4 c5 2. Nf3 Nc6 3. Bb5 Qc7 4. O-O e6 5. Nc3 Be7 6. Re1 d6 7. d4 cxd4 8.
Qxd4 Nf6 9. e5 dxe5 10. Nxe5 Bd7 11. Nxc6 Bxc6 12. Bf4 Qd7 13. Qe5 Bxb5 14.
Nxb5 O-O 15. Rad1 Qc6 16. Nd4 Qb6 17. Nb3 Rac8 18. c3 Rfd8 19. Be3 Qa6 20. Qa5
Rxd1 21. Rxd1 Qe2 22. Rf1 Qxb2 23. Qxa7 Qxc3 24. Rc1 Rd8 25. h3 Qb4 26. Bb6 Re8
27. Qxb7 Bd8 28. Rc6 h6 29. Qa6 Bxb6 30. Qxb6 Qxb6 31. Rxb6 Ra8 32. Nc1 Nd5 33.
Rb7 Nc3 34. Rb2 1/2-1/2

[Event "Master Rochefort 2020"]
[Site "Palais des Congres Rochefort"]
[Date "2020.02.22"]
[Round "1.6"]
[White "Le Pen, Steven"]
[Black "Martin Duque, Jesus"]
[Result "1/2-1/2"]
[WhiteElo "2047"]
[BlackElo "2446"]
[PlyCount "100"]
[EventDate "2020.??.??"]
[WhiteTeam "Echiquier de l'Erdre"]

1. e4 c5 2. Nf3 e6 3. d4 cxd4 4. Nxd4 Nc6 5. Nb5 d6 6. Bf4 e5 7. Be3 Be6 8. Nd2
a6 9. Nc3 Nf6 10. Bg5 Rc8 11. Nc4 Nd4 12. Bxf6 gxf6 13. Ne3 Bh6 14. Bd3 O-O 15.
O-O Kh8 16. Qh5 Bg7 17. Ncd5 Rg8 18. c3 Nc6 19. f4 Bf8 20. Rf3 Rg6 21. Nf5 Bxf5
22. exf5 Rg7 23. Qh4 Be7 24. Re1 Qg8 25. Rg3 Rxg3 26. hxg3 Qg7 27. Kf2 Rg8 28.
Rh1 Bd8 29. Rh3 Re8 30. Qh6 Nb8 31. Qxg7+ Kxg7 32. Rh1 Nd7 33. Re1 Bb6+ 34. Kf3
Ba7 35. g4 h6 36. g3 Rc8 37. Be4 Nc5 38. Ne7 Re8 39. Nd5 Rb8 40. Ra1 b5 41. g5
hxg5 42. fxg5 Nxe4 43. Kxe4 fxg5 44. f6+ Kg6 45. Rf1 g4 46. Ne7+ Kg5 47. Rf5+
Kh6 48. Rf1 Kg5 49. Rf5+ Kh6 50. Rf1 Kg5 1/2-1/2

[Event "Master Rochefort 2020"]
[Site "Palais des Congres Rochefort"]
[Date "2020.02.22"]
[Round "2.6"]
[White "Mohite, Ranveer"]
[Black "Korneev, Oleg"]
[Result "1/2-1/2"]
[WhiteElo "2231"]
[BlackElo "2505"]
[PlyCount "88"]
[EventDate "2020.??.??"]
[BlackTeam "Grasse Echecs"]

1. e4 c5 2. Nf3 e6 3. d4 cxd4 4. Nxd4 a6 5. c4 Nf6 6. Nc3 Qc7 7. Be2 b6 8. O-O
Bb7 9. Qd3 d6 10. f4 Nbd7 11. b4 Be7 12. f5 e5 13. Nc2 a5 14. a3 axb4 15. axb4
Rxa1 16. Nxa1 d5 17. Nxd5 Bxd5 18. cxd5 Bxb4 19. Nb3 O-O 20. g4 Ne8 21. Be3 Nc5
22. Qb5 Ba3 23. Ra1 Nxb3 24. Rxa3 Nd4 25. Qd3 Nxe2+ 26. Qxe2 Nd6 27. Qd3 Rc8
28. Ra1 h6 29. Rc1 Qd7 30. Rxc8+ Qxc8 31. Bxb6 Qc1+ 32. Kg2 Qf4 33. h3 Qc1 34.
Be3 Qb2+ 35. Bf2 f6 36. Kf3 Qa1 37. Kg2 Kh7 38. Be3 Qb2+ 39. Kg3 Qb4 40. Kf3
Qe1 41. Kg2 Qb4 42. Kf3 Qe1 43. Kg2 Qb4 44. Kf3 Qe1 1/2-1/2

[Event "Master Rochefort 2020"]
[Site "Palais des Congres Rochefort"]
[Date "2020.02.22"]
[Round "2.7"]
[White "Roselle, Tristan"]
[Black "Bogdanov, Egor"]
[Result "0-1"]
[WhiteElo "2222"]
[BlackElo "2433"]
[PlyCount "60"]
[EventDate "2020.??.??"]
[WhiteTeam "AGJA-Echiquier Aquitaine"]

1. e4 c5 2. Nf3 g6 3. d4 Bg7 4. dxc5 Qa5+ 5. Bd2 Qxc5 6. Bc3 Nf6 7. Nbd2 Ng4 8.
Bd4 Bxd4 9. Nxd4 Qxd4 10. Qxg4 Qxb2 11. Qd1 Nc6 12. Bc4 O-O 13. O-O d6 14. Rb1
Qd4 15. Bd3 e6 16. Bc4 b6 17. Qe2 Bb7 18. Nf3 Qf6 19. Rfd1 Rfd8 20. Ba6 Bxa6
21. Qxa6 Qc3 22. Qa4 Rac8 23. Rd3 Qa5 24. Qb3 d5 25. exd5 Rxd5 26. Rxd5 Qxd5
27. Qxd5 exd5 28. Rd1 Nb4 29. a3 Nxc2 30. Rxd5 Nd4 0-1

[Event "Master Rochefort 2020"]
[Site "Palais des Congres Rochefort"]
[Date "2020.02.22"]
[Round "2.8"]
[White "Duboue, Peio"]
[Black "Lamaze, Simon"]
[Result "1-0"]
[WhiteElo "2421"]
[BlackElo "2185"]
[PlyCount "63"]
[EventDate "2020.??.??"]
[WhiteTeam "Echiquier de l'Erdre"]
[BlackTeam "Echiquier Club Le Mans"]

1. e4 c5 2. Nf3 Nc6 3. d4 cxd4 4. Nxd4 Nf6 5. Nc3 d6 6. Bg5 e6 7. Qd2 Be7 8.
O-O-O Qb6 9. Bxf6 Bxf6 10. Nxc6 bxc6 11. Na4 Qb7 12. Qxd6 Rb8 13. Kb1 Be7 14.
Ba6 Qa8 15. Qd3 O-O 16. Rhe1 c5 17. b3 Rb4 18. Bc4 Qb8 19. Qg3 Qb7 20. Nb2 Bd7
21. Qc3 Qc7 22. Nd3 Rbb8 23. Qe5 Qa5 24. Qf4 Bc6 25. Ne5 Bb5 26. Bxb5 Qxb5 27.
Nd7 c4 28. Nxb8 Rxb8 29. Qc7 Qb4 30. c3 Qb7 31. Qxb7 Rxb7 32. Kc2 1-0

[Event "Master Rochefort 2020"]
[Site "Palais des Congres Rochefort"]
[Date "2020.02.22"]
[Round "2.9"]
[White "Chetverik, Maxim"]
[Black "Jolly, Jean-Francois"]
[Result "1/2-1/2"]
[WhiteElo "2182"]
[BlackElo "2386"]
[PlyCount "110"]
[EventDate "2020.??.??"]
[BlackTeam "Agneaux Saint-Lô"]

1. d4 Nf6 2. c4 e6 3. Nf3 d5 4. g3 dxc4 5. Qa4+ Nbd7 6. Bg2 a6 7. Qxc4 c5 8.
dxc5 Bxc5 9. O-O b5 10. Qb3 Bb7 11. a4 Bd5 12. Qd1 O-O 13. axb5 axb5 14. Rxa8
Qxa8 15. Nc3 Bc6 16. Ne1 b4 17. Bxc6 Qxc6 18. Na4 Be7 19. Nd3 e5 20. b3 e4 21.
Nf4 Rd8 22. Qd4 Qc2 23. Qb2 Rc8 24. Re1 Bd6 25. Qxc2 Rxc2 26. Ng2 Nd5 27. Ne3
Nxe3 28. Bxe3 Kf8 29. Kf1 Ke7 30. Rc1 Ra2 31. Bd4 g6 32. h4 Ke6 33. e3 Ra3 34.
Rb1 Be5 35. Nc5+ Nxc5 36. Bxc5 Bc3 37. Bf8 Kf5 38. Kg2 Kg4 39. Be7 f6 40. Bd6
h5 41. Be7 Ra7 42. Bc5 Ra2 43. Be7 Rd2 44. Bc5 g5 45. hxg5 fxg5 46. Be7 Re2 47.
Bd6 Re1 48. Rxe1 Bxe1 49. Kf1 Bc3 50. Ke2 h4 51. gxh4 gxh4 52. Be7 h3 53. Bd6
Bf6 54. Bc7 Be7 55. Bb8 Bf8 1/2-1/2

[Event "Master Rochefort 2020"]
[Site "Palais des Congres Rochefort"]
[Date "2020.02.22"]
[Round "2.11"]
[White "Batteux, Mickael"]
[Black "Shirazi, Kamran"]
[Result "0-1"]
[WhiteElo "2063"]
[BlackElo "2362"]
[PlyCount "62"]
[EventDate "2020.??.??"]
[WhiteTeam "Fillé sur Sarthe"]
[BlackTeam "Tremblay en France"]

1. d4 c5 2. e3 d5 3. Nf3 cxd4 4. exd4 Nc6 5. c3 Bg4 6. Be2 e6 7. h3 Bxf3 8.
Bxf3 Bd6 9. Qe2 Nge7 10. Nd2 O-O 11. O-O Rc8 12. Re1 Bb8 13. Nf1 Qe8 14. Bg5
Ng6 15. Bh5 Nf4 16. Bxf4 Bxf4 17. Rad1 g6 18. Bf3 b5 19. Bxd5 b4 20. Qf3 Bh6
21. Ne3 bxc3 22. bxc3 Ne7 23. Ng4 Nxd5 24. Nxh6+ Kg7 25. Ng4 h5 26. Ne5 Rxc3
27. Rd3 Rxd3 28. Qxd3 Qa4 29. Qd2 Rc8 30. Rb1 Rc2 31. Qg5 Qxd4 0-1

[Event "Master Rochefort 2020"]
[Site "Palais des Congres Rochefort"]
[Date "2020.02.22"]
[Round "2.12"]
[White "Colin, Vincent"]
[Black "Sabatier, Mathis"]
[Result "1-0"]
[WhiteElo "2359"]
[BlackElo "2089"]
[PlyCount "121"]
[EventDate "2020.??.??"]
[WhiteTeam "Les Tours des Hauts de France - St Quentin"]
[BlackTeam "Echecs Club de Corbas Mions"]

1. Nf3 d5 2. g3 g6 3. Bg2 Bg7 4. O-O e5 5. d3 Ne7 6. Na3 O-O 7. Rb1 h6 8. c4
Nbc6 9. b4 e4 10. Ne1 exd3 11. Nxd3 dxc4 12. Nxc4 Be6 13. b5 Bxc4 14. bxc6 bxc6
15. Qc2 Bxd3 16. exd3 Nd5 17. Ba3 Re8 18. Qxc6 Nc3 19. Rb7 Be5 20. Qc4 Qf6 21.
Bc5 Ne2+ 22. Kh1 Rad8 23. Rxa7 Qf5 24. f4 Bg7 25. Rxc7 Rc8 26. g4 Qf6 27. g5
Qf5 28. Bh3 Ng3+ 29. Kg2 Rxc7 30. Bxf5 Nxf1 31. Qb5 Rd8 32. Kxf1 gxf5 33. gxh6
Rdc8 34. d4 Bxh6 35. Qd3 Ra8 36. a3 Rc6 37. Qxf5 Re8 38. Kf2 Rce6 39. Qg4+ Rg6
40. Qh4 Re4 41. Qd8+ Kh7 42. Qd5 Rxf4+ 43. Ke2 Rg5 44. Qb7 Rh5 45. Kd3 Rh3+ 46.
Kc4 Rhh4 47. a4 Bg7 48. Qd7 Rxh2 49. a5 Rc2+ 50. Kb3 Rd2 51. Qh3+ Kg8 52. a6
Re2 53. a7 Re8 54. Qg3 Rf1 55. Qg2 Ra1 56. Qc6 Rd8 57. Ba3 Bxd4 58. a8=Q Rxa8
59. Qxa8+ Kg7 60. Qf8+ Kg6 61. Qg8+ 1-0

[Event "Master Rochefort 2020"]
[Site "Palais des Congres Rochefort"]
[Date "2020.02.22"]
[Round "2.13"]
[White "Tisin, Gilles"]
[Black "Stets, Dmitry"]
[Result "0-1"]
[WhiteElo "1982"]
[BlackElo "2358"]
[PlyCount "60"]
[EventDate "2020.??.??"]
[WhiteTeam "Club d'Echecs de Condom"]
[BlackTeam "Rouen Echecs"]

1. d4 Nf6 2. c4 g6 3. Nc3 Bg7 4. e4 O-O 5. g4 c5 6. g5 Ne8 7. d5 d6 8. h4 e6 9.
Be3 f5 10. gxf6 Nxf6 11. Be2 exd5 12. cxd5 Qe7 13. f3 a6 14. a4 Nh5 15. Qd2 Qe5
16. f4 Nxf4 17. O-O-O Nxe2+ 18. Ngxe2 Bg4 19. Nf4 Bxd1 20. Kxd1 Nd7 21. h5 g5
22. Nd3 Qf6 23. Rg1 h6 24. e5 Nxe5 25. Nxe5 Qxe5 26. Bxg5 hxg5 27. Rxg5 Rf5 28.
Rxf5 Qxf5 29. h6 Qg4+ 30. Kc1 Be5 0-1

[Event "Master Rochefort 2020"]
[Site "Palais des Congres Rochefort"]
[Date "2020.02.22"]
[Round "2.14"]
[White "Ivanov, Mikhail M"]
[Black "Briand, Amaury"]
[Result "1-0"]
[WhiteElo "2353"]
[BlackElo "1896"]
[PlyCount "43"]
[EventDate "2020.??.??"]
[WhiteTeam "Le Touquet - Cote d'Opale"]
[BlackTeam "Carquefou Echecs"]

1. Nf3 Nf6 2. g3 d5 3. Bg2 c6 4. O-O Bf5 5. d3 h6 6. Nc3 e6 7. Nd2 Bg6 8. e4 d4
9. Ne2 c5 10. Nf4 Nc6 11. Nxg6 fxg6 12. e5 Nd7 13. f4 h5 14. Be4 Rh6 15. Nf3
Be7 16. c3 Nb6 17. cxd4 cxd4 18. Ng5 Qd7 19. Bxg6+ Kf8 20. Bxh5 g6 21. Bg4 Nd8
22. Nxe6+ 1-0

[Event "Master Rochefort 2020"]
[Site "Palais des Congres Rochefort"]
[Date "2020.02.22"]
[Round "2.15"]
[White "Kibleur, Christophe"]
[Black "Lucas, Arthur"]
[Result "0-1"]
[WhiteElo "1848"]
[BlackElo "2290"]
[PlyCount "80"]
[EventDate "2020.??.??"]
[WhiteTeam "Echiquier Tourangeau"]
[BlackTeam "Cercle d'échecs des Sables d'Olonne"]

1. d4 Nf6 2. Nc3 d5 3. Bf4 g6 4. e3 Bg7 5. h4 h5 6. Nf3 Bg4 7. Qd2 Bxf3 8. gxf3
c6 9. e4 e6 10. O-O-O b5 11. e5 Ng8 12. Bd3 Nd7 13. Rhg1 Qxh4 14. Bxg6 fxg6 15.
Rxg6 Qe7 16. Rdg1 Rh7 17. Qd3 Nf8 18. R6g2 Bh6 19. Ne2 Qf7 20. Be3 Bxe3+ 21.
fxe3 Ne7 22. Nf4 O-O-O 23. Qa3 Nf5 24. Nh3 Qe7 25. Qc3 Kb7 26. Ng5 Rg7 27. Qe1
h4 28. c3 Ng3 29. f4 Nh7 30. Nf3 Rdg8 31. a4 bxa4 32. Kb1 Ka8 33. Qd1 Nf5 34.
Rxg7 Rxg7 35. Rxg7 Qxg7 36. Qxa4 Qb7 37. Qa5 Qb6 38. Qa3 h3 39. b4 Qb5 40. Qc1
Qd3+ 0-1

[Event "Master Rochefort 2020"]
[Site "Palais des Congres Rochefort"]
[Date "2020.02.22"]
[Round "2.16"]
[White "Le Goff, Ronan"]
[Black "Deodhar, Vrushali Umesh"]
[Result "1-0"]
[WhiteElo "2281"]
[BlackElo "1880"]
[PlyCount "65"]
[EventDate "2020.??.??"]
[WhiteTeam "Echiquier Guingampais"]

1. d4 d5 2. Nf3 c6 3. g3 g6 4. Bg2 Bg7 5. O-O Nf6 6. b3 O-O 7. Bb2 Nbd7 8. Nbd2
Nb6 9. Re1 h6 10. h3 Be6 11. Ne5 Nbd7 12. Nd3 Ne4 13. Nxe4 dxe4 14. Nf4 e3 15.
fxe3 Qc7 16. e4 Rad8 17. Qc1 Nf6 18. e5 Nd5 19. Nxe6 fxe6 20. c4 Nb6 21. Qc2
Rf5 22. g4 Rg5 23. Rad1 c5 24. Bc1 cxd4 25. Bxg5 hxg5 26. Qxg6 Qxe5 27. Rf1 Nd7
28. Qf7+ Kh8 29. Qxe7 Bf6 30. Qf7 Qe3+ 31. Kh1 Be5 32. Qh5+ Kg8 33. Rd3 1-0

[Event "Master Rochefort 2020"]
[Site "Palais des Congres Rochefort"]
[Date "2020.02.22"]
[Round "3.6"]
[White "Lucas, Arthur"]
[Black "Duboue, Peio"]
[Result "0-1"]
[WhiteElo "2290"]
[BlackElo "2421"]
[PlyCount "88"]
[EventDate "2020.??.??"]
[WhiteTeam "Cercle d'échecs des Sables d'Olonne"]
[BlackTeam "Echiquier de l'Erdre"]

1. e4 d5 2. exd5 Qxd5 3. Nf3 Bg4 4. Be2 Nc6 5. d4 O-O-O 6. c4 Qd7 7. d5 Bxf3 8.
Bxf3 Ne5 9. O-O e6 10. dxe6 Nxf3+ 11. Qxf3 Qxe6 12. Nc3 Qxc4 13. Bf4 Nf6 14.
Rfc1 Bd6 15. Bxd6 Rxd6 16. a4 Rc6 17. Qe3 Re8 18. Qxa7 Ra6 19. Nb5 Qxc1+ 20.
Rxc1 Rxa7 21. Nxa7+ Kb8 22. Nb5 c6 23. Nc3 Rd8 24. Rc2 Ka7 25. Kf1 Kb6 26. Re2
Ka5 27. g4 Rd7 28. g5 Nd5 29. Re5 Kb4 30. Ne4 Nf4 31. Nc3 Kb3 32. Re1 Kxb2 33.
Ne4 b5 34. axb5 cxb5 35. f3 b4 36. Nc5 Rc7 37. Re4 Nd5 38. Na6 Rc1+ 39. Kf2 b3
40. Rd4 Rc6 41. Nb8 Rd6 42. Rc4 Ka3 43. Nc6 Rxc6 44. Rxc6 b2 0-1

[Event "Master Rochefort 2020"]
[Site "Palais des Congres Rochefort"]
[Date "2020.02.22"]
[Round "3.7"]
[White "Mohite, Ranveer"]
[Black "Vorobiov, Evgeny E."]
[Result "0-1"]
[WhiteElo "2231"]
[BlackElo "2520"]
[PlyCount "74"]
[EventDate "2020.??.??"]

1. e4 c5 2. Nf3 e6 3. d4 cxd4 4. Nxd4 Nf6 5. Nc3 d6 6. Be3 a6 7. Qd2 b5 8. f3
Nbd7 9. O-O-O Bb7 10. Kb1 Rc8 11. g4 Nb6 12. Bd3 Nfd7 13. Qe1 Be7 14. h4 Nc4
15. Bc1 Qb6 16. Nb3 Nde5 17. Rf1 a5 18. Bxc4 Nxc4 19. g5 b4 20. Ne2 e5 21. Rd3
a4 22. Nd2 Ba6 23. Nxc4 Bxc4 24. Be3 Qa6 25. Rd2 b3 26. Ka1 O-O 27. Rg1 d5 28.
exd5 bxc2 29. Rxc2 Bxd5 30. Rxc8 Rxc8 31. Nc3 Bb4 32. Bd2 a3 33. Nxd5 axb2+ 34.
Kxb2 Qa3+ 35. Ka1 Rc2 36. Nf6+ Kh8 37. Qb1 Bc3+ 0-1

[Event "Master Rochefort 2020"]
[Site "Palais des Congres Rochefort"]
[Date "2020.02.22"]
[Round "3.8"]
[White "Korneev, Oleg"]
[Black "Sim, Sylvain"]
[Result "1-0"]
[WhiteElo "2505"]
[BlackElo "2191"]
[PlyCount "59"]
[EventDate "2020.??.??"]
[WhiteTeam "Grasse Echecs"]
[BlackTeam "Club d'Echecs de la Bruffière"]

1. e4 c5 2. Nf3 Nc6 3. Bb5 g6 4. Bxc6 dxc6 5. d3 Bg4 6. Nbd2 Bg7 7. h3 Bxf3 8.
Nxf3 e5 9. Be3 Qe7 10. Qd2 h6 11. Qc3 b6 12. b4 a5 13. bxc5 b5 14. O-O Nf6 15.
a4 b4 16. Qxe5 Qxe5 17. Nxe5 Nxe4 18. dxe4 Bxe5 19. Rad1 Rb8 20. f4 Bg7 21. Rd6
O-O 22. Rxc6 b3 23. Rb6 bxc2 24. Rc1 Rxb6 25. cxb6 Rc8 26. Kf1 Bb2 27. b7 Rb8
28. Rxc2 Rxb7 29. Bd2 Ba3 30. Bxa5 1-0